Provoc (Record no. 102250)

MARC details
000 -LEADER
fixed length control field 00727cad a22001935a 4500
001 - CONTROL NUMBER
control field E119102
008 - FIXED-LENGTH DATA ELEMENTS--GENERAL INFORMATION
fixed length control field 020730n xxk 000 0 eng u
020 ## - INTERNATIONAL STANDARD BOOK NUMBER
International Standard Book Number 0950654361
035 ## - SYSTEM CONTROL NUMBER
System control number (Sirsi) u119102
041 0# - LANGUAGE CODE
Language code of text/sound track or separate title eng
110 ## - MAIN ENTRY--CORPORATE NAME
Corporate name or jurisdiction name as entry element Association of Cost Engineers
9 (RLIN) 1254
245 ## - TITLE STATEMENT
Title Provoc
Remainder of title glossary of common project control terms
Medium [electronic resource]
260 ## - PUBLICATION, DISTRIBUTION, ETC.
Place of publication, distribution, etc. [S.l.]
Name of publisher, distributor, etc. ACostE
Date of publication, distribution, etc. [n.d.]
520 ## - SUMMARY, ETC.
Summary, etc. Provides definitions of terms used within the project management and project controls communities.
651 #4 - SUBJECT ADDED ENTRY--GEOGRAPHIC NAME
Geographic name United Kingdom
Chronological subdivision
690 ## - LOCAL SUBJECT ADDED ENTRY--TOPICAL TERM (OCLC, RLIN)
Topical term or geographic name as entry element BUILT ENVIRONMENT-BUILDING COSTS
856 40 - ELECTRONIC LOCATION AND ACCESS
Uniform Resource Identifier <a href="https://www.acoste.org.uk/uploads/terminology.pdf">https://www.acoste.org.uk/uploads/terminology.pdf</a>
Public note View the item free of charge (PDF file) at www.acoste.org.uk
942 ## - ADDED ENTRY ELEMENTS (KOHA)
Suppress in OPAC 0
Holdings
Withdrawn status Lost status Source of classification or shelving scheme Damaged status Not for loan Home library Current library Shelving location Date acquired Total Checkouts Full call number Barcode Date last seen Copy number Price effective from Koha item type
    Dewey Decimal Classification     Virtual Virtual Online 01/11/2010   ONLINE PUBLICATION 119102-2001 06/08/2019 1 06/08/2019 Book